| 000 | 00604nam a2200205 i 4500 | ||
|---|---|---|---|
| 001 | 146730 | ||
| 003 | ES-MaACL | ||
| 005 | 20230906201642.0 | ||
| 007 | t| | ||
| 008 | 070917q1930 sp ||||1| spa d | ||
| 080 | _a821.134.2-32"18" | ||
| 100 | 1 |
_aTrigo, Felipe. _9111409 |
|
| 245 | 1 | 3 |
_aEl semental ; _bEl cínico ; Los invencibles ; El sueño de la duquesa / _cFelipe Trigo. |
| 260 |
_aMadrid : _b[s.n.], _c[ca. 1930] ( _fImp. Latina) |
||
| 300 |
_a302 p. ; _c19 cm. |
||
| 740 | 3 | 2 | _aEl cínico. |
| 740 | 4 | 2 | _aLos invencibles. |
| 740 | 3 | 2 | _aEl sueño de la duquesa. |
| 852 | 4 |
_aES-MaACL _jB-6060 |
|
| 999 |
_c146730 _d146730 |
||